ბათუმის შოთა რუსთაველის სახელმწიფო უნივერსიტეტის ბიბლიოთეკა

Начертательная геометрия(краткий курс). (ბიბ.ჩანაწერი № 37209)

000 -LEADER
fixed length control field 00618nam a2200217Ia 4500
001 - CONTROL NUMBER
control field 3166
003 - CONTROL NUMBER IDENTIFIER
control field GE_BSU
008 - FIXED-LENGTH DATA ELEMENTS--GENERAL INFORMATION
fixed length control field 181216s||||||||xx |||||||||||||| ||und||
040 ## - CATALOGING SOURCE
Transcribing agency GE_BSU
080 ## - UNIVERSAL DECIMAL CLASSIFICATION NUMBER
Universal Decimal Classification number 514.18(075.8)
100 ## - MAIN ENTRY--PERSONAL NAME
Personal name Гулисашвили,А.А.
245 ## - TITLE STATEMENT
Title Начертательная геометрия(краткий курс).
245 ## - TITLE STATEMENT
Remainder of title Учебник.
245 ## - TITLE STATEMENT
Statement of responsibility, etc. Ред.Из-ва Т.А.Абрамишвили.
260 ## - PUBLICATION, DISTRIBUTION, ETC.
Place of publication, distribution, etc. Тб.
260 ## - PUBLICATION, DISTRIBUTION, ETC.
Name of publisher, distributor, etc. Цодна.
260 ## - PUBLICATION, DISTRIBUTION, ETC.
Date of publication, distribution, etc. 1963.
300 ## - PHYSICAL DESCRIPTION
Extent 310стр.22см.
653 ## - INDEX TERM--UNCONTROLLED
Uncontrolled term Начертательная геометрия.
942 ## - ADDED ENTRY ELEMENTS (KOHA)
Koha item type წიგნი
ეგზემპლარები
Withdrawn status Lost status Damaged status Not for loan Date acquired Barcode Date last seen Price effective from Koha item type
        2018-12-17 9089 2018-12-17 2018-12-17 წიგნი
        2018-12-17 9090 2018-12-17 2018-12-17 წიგნი
        2018-12-17 9091 2018-12-17 2018-12-17 წიგნი